00929nam a22002537a 45000010005000000030006000050050017000110080041000280200018000690400029000870500017001160820010001331000026001432450028001692500037001972600034002343000023002685050007002915200273002985210018005715210018005896500044006076500024006516071FISKH20250305113511.0250305b cb ||||| |||| 00| 0 eng d a9780439211680 aFISKHbengcFISKHdFISKH aPZ8.M44753 B a813.6 aMartin, Rafed(1946-) aBirdwing /cRafe Martin aFirst paperback printing in 2007 aNew York :bScholastic,c2005 a378 pages :c20 cm aR  aPrince Ardwin, known as Birdwing, the youngest of six brothers turned into swans by their stepmother, is unable to complete the transformation back into human form, so he undertakes a journey to discover whether his feathered arm will be a curse or a blessing to him. 8 a720 bLexile 8 aR bRaz-Plus  2Fairy talesaHuman-animal relationships 2FictionaFairy tale